000 00604nam a2200205Ia 4500
005 20241216011250.0
008 190429s9999||||xx |||||||||||||| ||und||
082 _a622.1
_bC12
100 _aCONOZCO ATENCIO AMADOR
245 0 _aPROYECTO DE EXPLORACION Y DESARROLLO EN LA MINA HUARATO - ACARI
250 _a0
260 _aCERRO DE PASCO-PERU
_bUNDAC
_c1990
300 _a100 pag.
_c30 cm.
341 _h0
490 _v0
_a0
505 _aGEOLOGIA DEL YACIMIENTO/CUBICACION DE RESERVAS/EXPLOTACION/S
541 _aD
_bCONOZCO ATENCIO, AMADOR
_d03-Mar-03
_oSoles
650 _aMinas
942 _cTESIS
999 _c37158
_d37158